000 00957nam a2200253 a 4500
001 BRCA_4779
005 20190320204813.0
008 081010s1964----ag-af#####---#000-0#spa-#
041 _aspa
044 _aag
050 4 _aND553
_b.P56
_c1964
245 1 0 _aJuan Miró
_cmonografía por Sir Roland Penrose ; traducción por Angel Sánchez Gijón ; enfoque de actualidad, por Jorge Larco.
260 _aArgentina
_bCodex
_cc1964
300 _a1 v. (sin paginación)
_bil., 16 láminas a color
_c36 cm.
440 0 _aPinacoteca de los genios : la más grandiosa colección de arte del mundo
_v136
_912078
501 _aIncluye índice de ilustraciones y nómina de pintores publicados en pinacoteca de los genios
600 1 4 _aMiró, Juan
_d1935-1983
_912079
650 1 4 _aPintura
_92498
650 1 4 _aArte
_912080
700 1 _aPenrose, Sir Roland
_912081
700 1 _aLarco, Jorge
_912082
700 1 _aSánchez Gijón, Angel
_etr.
_912083
942 _2lcc
_cB
999 _c4476
_d4476